• 首页
  • 本馆介绍
  • 公告通知
  • 最新文献
  • 馆藏检索
  • 电子资源
  • 读者导购
  • 参考咨询
  • 我的图书馆
  • 登录
  • 详细信息显示
  • 放入我的书架
  • 预约/预借图书
  • 作者相关作品
  • 分类相关作品
  • 丛书相关作品
  • 出版社相关作品

书目信息

  • 表格格式
  • 工作单格式
  • 卡片格式
题名:
汉语动词的配价研究
    
 
作者: 袁毓林 著
分册:  
出版信息: 南昌   江西教育出版社  1998
页数: 405页
开本: 20cm
丛书名:
单 册:
中图分类: H146.2
科图分类:
主题词: 汉语--词类--近代 , 汉语--词类--现代
电子资源:
ISBN: 7-5392-2882-2
000 00631nam0 2200217 45
001 0312151636
005 20031219104123.0
010    @a7-5392-2882-2@dCNY18.00
100    @a20031215d1998 km y0chiy0120 ea
101 0  @achi
105    @a z 000yy
200 1  @a汉语动词的配价研究@AHan Yu Dong Ci De Pei Jia Yan Jiu@f袁毓林著@FYuan Yu Lin Zhu
210    @a南昌@c江西教育出版社@d1998
215    @a405页@d20cm
300    @a附录:关于配价语法研究答客问
606 0  @a汉语@x词类@z近代
606 0  @a汉语@x词类@z现代
690    @aH146.2@v4
701  0 @a袁毓林@4著
801    @aCN@bTSTC@c20031215
905    @b330070-074@dH146.2@e190@f5
    
    汉语动词的配价研究/袁毓林著.-南昌:江西教育出版社,1998
    405页;20cm
    附录:关于配价语法研究答客问
    
    ISBN 7-5392-2882-2:CNY18.00
    
●
相关链接 在E读中查询图书 在五车中查询图书 在当当中查询图书 在豆瓣中查询图书


正题名:汉语动词的配价研究     索取号:H146.2/190         预约/预借

序号 登录号 条形码 馆藏地/架位号 状态 备注
1 0330070   203300702   第四借阅区/ [索取号:H146.2/190] 在馆    
2 0330071   203300711   第四借阅区/ [索取号:H146.2/190] 在馆    
3 0330072   203300720   第四借阅区/ [索取号:H146.2/190] 在馆    
4 0330073   203300739   第四借阅区/ [索取号:H146.2/190] 在馆    
5 0330074   203300748   第二样本阅览室/ [索取号:H146.2/190] 在馆    
唐山师范学院图书馆 欢迎您!
大连网信软件有限公司© 版权所有